01385nam a22002538i 4500001001900000003000600019005001700025008004100042015001900083016001800102020001800120035002200138035002400160040003400184041000800218100002700226245004400253260003300297300002400330520068400354650002801038650002801066650003701094991025456224307026UkOxU20250404134531.0230515s2023 enk 000 f eng d aGBC3C44382bnb7 a0211273952Uk a9780008511760 a(OCoLC)1389777596 a(OCoLC)on1389777596 aUKMGBbengerdacUKMGBdUkOxU aeng aHeisey, Monicaeauthor10aReally good, actuallyc/ Monica Heisey. aLondon :b4th Estate,c2023. a384 pages ;c20 cm. aMaggie is fine. She's doing really good, actually. Sure, she's broke, her graduate thesis on something obscure is going nowhere, and her marriage only lasted 608 days, but at the ripe old age of twenty-nine, Maggie is determined to embrace her new life as a Surprisingly Young Divorcée. Now she has time to take up nine hobbies, eat hamburgers at 4 am, and "get back out there" sex-wise. With the support of her tough-loving academic advisor, Merris; her newly divorced friend, Amy; and her group chat (naturally), Maggie barrels through her first year of single life, intermittently dating, occasionally waking up on the floor and asking herself tough questions along the way. 0aDivorced womenvFiction 0aSingle women x Fiction 0aDating (Social customs)vFiction